000
00320nam a2200145Ia 4500
008
150201s2009 xx 000 0 und d
082
_a
617
_b
M09S
100
_a
SHENOY, K.R.
245
_a
MANUAL OF SURGERY
250
_a
2ND
260
_b
CBS
_a
DELHI
_c
2009
300
_a
1-827
650
_a
SURGERY
942
_2
ddc
_c
BK
_0
18
999
_c
213
_d
213